Sea Creatures by Picture - Statistics

General Stats
  • This quiz has been taken 17,637 times
  • The average score is 12 of 18
Answer Stats
Picture Answer % Correct
Sea Star
99%
Lobster
97%
Moon Jellyfish
97%
Octopus
97%
{Emperor} Penguin
88%
Beluga
79%
{Hermit} Crab
78%
Sea Urchin
76%
Atlantic Puffin
75%
Tiger Prawn
74%
Japanese {Spider} Crab
67%
Conch
52%
Sea Anemone
51%
Cuttlefish
49%
Nautilus
39%
Scallop
31%
Nudibranch
26%
{Rockhopper} Penguin
23%
No matching quizzes found
Score Distribution
Percent of People with Each Score
Percentile by Number Answered
Your Score History
You have not taken this quiz